000
00411nam a2200145Ia 4500
008
100204s9999 xx 000 0 und d
082
_b
20135
100
_a
सोनवणी संजय
245
_a
विकल्प
260
_b
"पुष्प प्रकाशन , पुणे"
_c
1997 2
300
_a
175
630
_a
विकल्प
730
_a
विकल्प
942
_c
BOOK
999
_c
464557
_d
464554